| 000 | 00718nam a22002417a 4500 | ||
|---|---|---|---|
| 001 | BR7575048 | ||
| 003 | BR-BrBNA | ||
| 005 | 20230928084845.0 | ||
| 007 | ta | ||
| 008 | 230509b bl.||||| |||| 00| 0 por d | ||
| 040 |
_aBR-BrBNA _bpor _cBiblioteca Nacional de Agricultura |
||
| 041 | _a(Por) | ||
| 072 |
_aE10 _b/G514 |
||
| 090 | _ E10 BR7575048 | ||
| 110 | 1 |
_aAssociacao Nordestina de Credito e Assistencia Rural de Pernambuco, Recife (Brasil) _9695 |
|
| 245 | 1 | _aZona prioritaria de reforma agraria previsao orcamentaria 1974 [Brasil] | |
| 260 | 3 |
_aRecife, PE (Brasil): _c1973. |
|
| 300 | _a6 p. | ||
| 650 | _aREFORMA AGRARIA | ||
| 650 | _aORCAMENTO | ||
| 909 |
_a202309 _bLucia _c55 _dLucia Elande |
||
| 942 | _cBK | ||
| 999 |
_c21495 _d21495 |
||